Report of the Stores Purchase Committee (Record no. 489542)

000 -LEADER
fixed length control field 00407cam a22001337a 4500
008 - FIXED-LENGTH DATA ELEMENTS--GENERAL INFORMATION
fixed length control field 180718b1955 xxu||||| |||| 00| 0 eng d
082 ## - DEWEY DECIMAL CLASSIFICATION NUMBER
Classification number L7x54 In2s
100 ## - MAIN ENTRY--PERSONAL NAME
Personal name India. Stores Purchase Committee
245 ## - TITLE STATEMENT
Title Report of the Stores Purchase Committee
260 ## - PUBLICATION, DISTRIBUTION, ETC.
Place of publication, distribution, etc. Delhi
Name of publisher, distributor, etc. The Manager of Publications
Date of publication, distribution, etc. 1955
300 ## - PHYSICAL DESCRIPTION
Extent 239+p.
500 ## - GENERAL NOTE
General note Chairman: S.N. Buragohain
700 ## - ADDED ENTRY--PERSONAL NAME
Personal name Buragohain, S.N. (Chairman)
Holdings
Withdrawn status Lost status Damaged status Not for loan Permanent Location Current Location Date acquired Full call number Barcode Date last seen Price effective from Koha item type
        Indian Institute of Public Administration Indian Institute of Public Administration 2018-08-04 L7x54 In2s GG31590 2018-08-04 2018-08-04 GG

Powered by Koha